000 00445nam a2200145Ia 4500
008 100204s9999 xx 000 0 und d
082 _b8790
100 _aमंगेशकर गीता
245 _aनिर्धार
260 _b"बांदोडकर पब्लिशिंग हाऊस, गोवा"
_c1986
300 _a170
630 _aनिर्धार
730 _aनिर्धार
942 _cBOOK
999 _c453226
_d453223